Kitāb Rawḍāt al-jannāt fī aḥwāl al-ʻulamāʼ wa-al-sādāt /

محفوظ في:

المؤلف الرئيسي: Muḥammad Bāqir ibn Zayn al-ʻĀbidīn, 1811 or 1812-1895 or 1896 (مؤلف)

مؤلفون آخرون: Rawḍātī, Muḥammad ʻAlī.

التنسيق: كتاب

اللغة: Arabic

منشور في: [Tehran] : [publisher not identified], 1367 [1947 or 1948].

الطبعة: al-Ṭabʻah 2.

الموضوعات:

الوسوم: إضافة وسم

لا توجد وسوم, كن أول من يضع وسما على هذه التسجيلة!

رقم الطلب: (RA)(F)BP70 .K48 1947

LEADER 01757nam a2200265Ia 4500
003 OSt
005 20240423110646.0
008 130303s1947 ir b 001 0 ara d
952 |0 0  |1 0  |2 lcc  |4 0  |7 1  |9 30336  |a ARCE  |b ARCE  |d 2022-01-25  |l 0  |o (RA)(F)BP70 .K48 1947  |p 1030676  |r 2022-01-25 00:00:00  |w 2022-01-25  |y BK 
999 |c 28889  |d 28889 
050 4 |a (RA)(F)BP70 .K48 1947 
100 0 |6 880-01  |a Muḥammad Bāqir ibn Zayn al-ʻĀbidīn,  |d 1811 or 1812-1895 or 1896,  |e author 
240 1 0 |a Rawḍāt al-jannāt fī aḥwāl al-ʻulamāʼ wa-al-sādāt 
245 1 0 |6 880-02  |a Kitāb Rawḍāt al-jannāt fī aḥwāl al-ʻulamāʼ wa-al-sādāt /  |c taʼlīf Muḥammad Bāqir al-Musawī al-Khuwānsārī al-Aṣbahānī ; ṣaḥḥaḥahu wa-allafa fihris la-hu Muḥammad ʻAlī al-Rawḍātī al-Iṣbahānī. 
250 |a al-Ṭabʻah 2. 
264 1 |a [Tehran] :  |b [publisher not identified],  |c 1367 [1947 or 1948]. 
300 |a 36, 748 pages ;   |c 35 cm. 
504 |a Includes bibliographical references (pages 34-35) and indexes. 
650 0 |a Muslims  |v Biography. 
650 0 |a Shiites  |v Biography. 
700 1 |a Rawḍātī, Muḥammad ʻAlī.  |9 38235 
880 0 |6 100-01/(3/r  |a محمد باقر ابن زين العابدين،‪‪‪‪‪‪‪‪‪‪‪‪‪‪‪‪‪‪‪‪‪  |d 1811 أو 1812-1895 أو 1896.‪‪‪‪‪‪‪‪‪‪‪‪‪‪‪‪‪‪‪‪‪ 
880 1 0 |6 245-02/(3/r  |a كتاب روضات الجنات في أحوال العلماء و السادات   |c تأليف محمد باقر المسوي الخوانساري الاصبهاني ؛ صححه و ألف فهرس له محمد علي الروضاتي الاصبهاني.‪‪‪‪‪‪‪‪‪‪‪‪‪‪‪‪‪‪‪‪‪ 
901 |a reviewed 
942 |c BK  |2 lcc